ՀՀ Գիտությունների ազգային ակադեմիայի հիմնարար գիտական գրադարան  =   Fundamental Scientific Library of NAS RA

Общественные учения и исторические теории XVIII и XIX вв. в связи с общественным движением на Западе / (Record no. 329249)

MARC details
000 -LEADER
fixed length control field 00944nam a2200217 a 4500
001 - CONTROL NUMBER
control field 000992957
003 - CONTROL NUMBER IDENTIFIER
control field AM-YeHGA
005 - DATE AND TIME OF LATEST TRANSACTION
control field 20250617150338.0
008 - FIXED-LENGTH DATA ELEMENTS--GENERAL INFORMATION
fixed length control field 131115s1900 ru r 000 0 rus d
040 ## - CATALOGING SOURCE
Original cataloging agency AM-YeHGA
041 0# - LANGUAGE CODE
Language code of text/sound track or separate title rus
090 ## - LOCALLY ASSIGNED LC-TYPE CALL NUMBER (OCLC); LOCAL CALL NUMBER (RLIN)
-- 331003
100 1# - MAIN ENTRY--PERSONAL NAME
Personal name Виппер, Роберт Юрьевич
245 10 - TITLE STATEMENT
Title Общественные учения и исторические теории XVIII и XIX вв. в связи с общественным движением на Западе /
Statement of responsibility, etc. Р. Виппер.
246 1# - VARYING FORM OF TITLE
Title proper/short title Общественныя учения и историческия теории XVIII и XIX вв. в связи с общественным движением на Западе
260 ## - PUBLICATION, DISTRIBUTION, ETC.
Place of publication, distribution, etc. Москва :
Name of publisher, distributor, etc. Мир Божий,
Date of publication, distribution, etc. 1900.
300 ## - PHYSICAL DESCRIPTION
Extent 209 с.
650 14 - SUBJECT ADDED ENTRY--TOPICAL TERM
Topical term or geographic name entry element Социология
650 14 - SUBJECT ADDED ENTRY--TOPICAL TERM
Topical term or geographic name entry element Общественная мысль на Западе
General subdivision История
942 ## - ADDED ENTRY ELEMENTS (KOHA)
Source of classification or shelving scheme Universal Decimal Classification
Koha item type Գրքեր / Books
Holdings
Withdrawn status Lost status Source of classification or shelving scheme Damaged status Not for loan Collection Home library Current library Date acquired Total checkouts Full call number Barcode Date last seen Price effective from Koha item type Public note
    Universal Decimal Classification     General Fundamental Scientific Library Fundamental Scientific Library 09/01/2017   PII/483222 FL0274796 09/01/2017 09/01/2017 Գրքեր / Books 30 Days Loan
    Universal Decimal Classification     General Fundamental Scientific Library Fundamental Scientific Library 27/09/2019   РII/17478 FL0601807 27/09/2019 27/09/2019 Գրքեր / Books 30 Days Loan
    Universal Decimal Classification     Kusikian Individual Collection Fundamental Scientific Library Fundamental Scientific Library 20/03/2025   Кус/1702 FL0686289 20/03/2025 20/03/2025 Գրքեր / Books ILL Non-Circ.


ՀՀ ԳԱԱ հիմնարար գիտական գրադարան
ՀՀ,Երևան 0019
Մարշալ Բաղրամյան 24/6
հեռախոս:(374-10) 52-47-50
Հետադարձ կապ

All site content, except where otherwise noted, is licensed under a
Creative Commons License